Lia Outfits (ITZY) - Statistics

General Stats
  • This quiz has been taken 28 times
    4 since last reset
  • The average score is 17 of 19
Answer Stats
Picture Answer % Correct
Blah Blah Blah
100%
Cake
100%
Cheshire
100%
Dalla Dalla
100%
Girls Will be girls
100%
Icy
100%
Imaginary Friend
100%
In the morning
100%
Loco
100%
Not Shy
100%
Sneakers
100%
Voltage
100%
Wannabe
100%
Boys like you
75%
Ringo
75%
Gold
50%
Kiss and tell
50%
Rock & Roll
50%
Tunnel Vision
50%
No matching quizzes found
Score Distribution
Percent of People with Each Score
Percentile by Number Answered
Your Score History
You have not taken this quiz since the last reset